000 00950nam a22002897a 4500
001 BR8804047
003 BR-BrBNA
005 20230928092950.0
007 ta
008 230509b bl.||||| |||| 00| 0 por d
040 _aBR-BrBNA
_bpor
_cBiblioteca Nacional de Agricultura
041 _a(Por)
072 _aN20
_b/G514
090 _ N20 BR8804047
110 1 _aMinisterio do Interior, Brasilia, DF (Brasil);
_97113
110 1 _aMinisterio da Agricultura, Brasilia, DF (Brasil);
_96753
110 1 _aMinisterio dos Transportes, Brasilia, DF (Brasil)
_97172
245 1 _aPrograma Integrado de Desenvolvimento do Noroeste do Brasil. Area de influencia da ligacao rodoviaria Cuiaba-Porto Velho - 1979 - Anexo
260 3 _aBrasilia, DF (Brasil):
_c1979.
300 _a98 p.
500 _a30 tables
650 _aTRANSPORTE RODOVIARIO
650 _aCUIABA
650 _aPORTO VELHO
909 _a202309
_bLucia
_c55
_dLucia Elande
942 _cBK
999 _c42257
_d42257